[Event "Nakhchivan Open 2018"]
[Site "Nakhchivan AZE"]
[Date "2018.05.02"]
[Round "2.11"]
[White "Ozen, Deniz"]
[Black "Firouzja, Alireza"]
[Result "1/2-1/2"]
[WhiteTitle "FM"]
[BlackTitle "IM"]
[WhiteElo "2397"]
[BlackElo "2570"]
[WhiteFideId "6349196"]
[BlackFideId "12573981"]
[EventDate "2018.05.01"]

1. e4 c5 2. Nf3 Nc6 3. Bb5 g6 4. Bxc6 dxc6 5. d3 Bg7 6. h3 Nf6 7. Nc3 Nd7 8. O-O
e5 9. a3 Qe7 10. Be3 Nf8 11. b4 Ne6 12. Na4 b6 13. c4 O-O 14. bxc5 bxc5 15. Qd2
Nd4 16. Nxd4 cxd4 17. Bh6 Bxh6 18. Qxh6 Rb8 19. f4 exf4 20. Qxf4 Rb3 21. Qf6
Qxf6 22. Rxf6 Rxd3 23. Rd6 Re8 24. Nc5 Rd2 25. Rxc6 Rc2 26. Rb1 d3 27. Nxd3 Be6
28. Rb7 Rxc4 29. Rxc4 Bxc4 30. Nb2 Ba2 31. Rxa7 Rxe4 32. Kf2 Rd4 33. Ke3 Rd8 34.
Nd3 Re8+ 35. Kf2 Bc4 36. Nf4 Rb8 37. Rc7 Rb2+ 38. Kg1 Ba6 39. h4 h6 40. Rc5 Bb7
41. Re5 Kf8 42. Re2 Rb3 43. Ra2 Kg7 44. a4 Rb4 45. g3 Rb1+ 46. Kf2 Rb3 47. Ne2
Bd5 48. Rd2 Rf3+ 49. Kg1 Bc4 50. Kg2 Ra3 51. Kh2 h5 52. Rc2 Rxa4 53. Nf4 Ba6 54.
Ng2 Bb7 55. Rb2 Ba8 56. Rd2 Ra1 57. Rf2 Rb1 58. Ra2 Bf3 59. Rf2 Bb7 60. Rd2 Kf6
61. Rf2+ Ke7 62. Re2+ Kd6 63. Rf2 Bd5 64. Re2 Rd1 65. Ne1 Bc4 66. Re3 Rd2+ 67.
Kg1 Bd5 68. Nf3 Ra2 69. Ng5 Kc5 70. Nf3 f6 71. Kf1 Kd6 72. Kg1 Be6 73. Rd3+ Ke7
74. Rd2 Ra3 75. Kf2 Bg4 76. Nd4 Kf7 77. Kg2 Re3 78. Kf2 Re4 79. Nf3 Rc4 80. Nd4
Ke7 81. Nc2 Be6 82. Nd4 Bd7 83. Nf3 Rb4 84. Rd4 Rb3 85. Rd2 Ra3 86. Nd4 Bc8 87.
Nc6+ Kf7 88. Nd4 Bb7 89. Rc2 Be4 90. Rc7+ Kg8 91. Rc8+ Kg7 92. Rc7+ Kh6 93. Re7
Bd5 94. Rd7 Ra2+ 95. Ke3 Ra5 96. Kf2 Ra2+ 97. Ke3 Ra3+ 98. Kf2 Ra5 99. Ke3 Ba8
100. Rd6 Ra3+ 101. Kf2 Kg7 102. Rd7+ Kg8 103. Re7 Bd5 104. Rd7 Ra5 105. Ke3 Kf8
106. Rc7 Ra3+ 107. Kf2 Rd3 108. Ne2 Rf3+ 109. Kg1 Ra3 110. Kf2 Ke8 111. Nf4 Be4
112. Rc4 Rf3+ 113. Ke2 f5 114. Nxg6 Rxg3 115. Nf4 Rg4 116. Ke3 Rxh4 117. Rc8+
Kf7 118. Rh8 Rh1 119. Rxh5 Re1+ 120. Kf2 Ra1 121. Rh6 Ra3 122. Rh3 Ra1 123. Ke3
Rf1 124. Ne2 Kf6 125. Rh8 Rf3+ 126. Kd2 Rd3+ 127. Ke1 Ra3 128. Kf2 Kg7 129. Rc8
Rf3+ 130. Ke1 Kf6 131. Rf8+ Ke7 132. Rb8 Kd6 133. Rd8+ 1/2-1/2

[Event "Nakhchivan Open 2018"]
[Site "Nakhchivan AZE"]
[Date "2018.05.02"]
[Round "2.12"]
[White "Korobov, Anton"]
[Black "Gadimbayli, Abdulla"]
[Result "1/2-1/2"]
[WhiteTitle "GM"]
[BlackTitle "IM"]
[WhiteElo "2678"]
[BlackElo "2419"]
[WhiteFideId "14105730"]
[BlackFideId "13404938"]
[EventDate "2018.05.01"]

1. d4 e6 2. c4 b6 3. a3 Bb7 4. Nc3 Nf6 5. Nf3 d5 6. cxd5 Nxd5 7. Qc2 Nxc3 8.
Qxc3 h6 9. Bf4 Bd6 10. Bg3 O-O 11. e3 Nd7 12. Bb5 Bxg3 13. hxg3 c6 14. Ba4 Rc8
15. Rd1 Qe7 16. O-O Nf6 17. b4 1/2-1/2

[Event "Nakhchivan Open 2018"]
[Site "Nakhchivan AZE"]
[Date "2018.05.03"]
[Round "3.1"]
[White "Safarli, Eltaj"]
[Black "Aleksandrov, Aleksej"]
[Result "1/2-1/2"]
[WhiteTitle "GM"]
[BlackTitle "GM"]
[WhiteElo "2657"]
[BlackElo "2594"]
[WhiteFideId "13402129"]
[BlackFideId "13500139"]
[EventDate "2018.05.01"]

1. d4 Nf6 2. c4 e6 3. Nf3 d5 4. Nc3 Bb4 5. Bg5 h6 6. Bxf6 Qxf6 7. e3 O-O 8. Rc1
dxc4 9. Bxc4 c5 10. O-O cxd4 11. Nxd4 Bd7 12. Qb3 Nc6 13. Nxc6 Bxc3 14. Qxc3
Qxc3 15. Rxc3 Bxc6 1/2-1/2

[Event "Nakhchivan Open 2018"]
[Site "Nakhchivan AZE"]
[Date "2018.05.03"]
[Round "3.2"]
[White "Mamedov, Nidjat"]
[Black "Guseinov, Gadir"]
[Result "1/2-1/2"]
[WhiteTitle "GM"]
[BlackTitle "GM"]
[WhiteElo "2602"]
[BlackElo "2654"]
[WhiteFideId "13400819"]
[BlackFideId "13401378"]
[EventDate "2018.05.01"]

1. e4 c5 2. Nf3 g6 3. d4 cxd4 4. Nxd4 Nc6 5. Nc3 Bg7 6. Nb3 Nf6 7. Be2 O-O 8.
O-O d6 9. Bg5 Be6 10. Kh1 a5 11. a4 Rc8 12. f4 Nb4 13. Nd4 Bc4 14. Ndb5 1/2-1/2

[Event "Nakhchivan Open 2018"]
[Site "Nakhchivan AZE"]
[Date "2018.05.03"]
[Round "3.3"]
[White "Smirin, Ilia"]
[Black "Galego, Luis"]
[Result "1-0"]
[WhiteTitle "GM"]
[BlackTitle "GM"]
[WhiteElo "2592"]
[BlackElo "2477"]
[WhiteFideId "2801990"]
[BlackFideId "1900072"]
[EventDate "2018.05.01"]

1. e4 c5 2. Nf3 d6 3. d4 cxd4 4. Nxd4 Nf6 5. Nc3 a6 6. Be3 Nc6 7. f3 e5 8. Nb3
Be7 9. Qd2 Be6 10. Nd5 Bxd5 11. exd5 Nb8 12. g4 Nbd7 13. g5 Nh5 14. O-O-O g6 15.
Kb1 Qc7 16. Rg1 O-O 17. Rg4 Rac8 18. Rc4 Qxc4 19. Bxc4 Rxc4 20. Na5 Rc7 21. c4
Ng7 22. Rc1 Nf5 23. Bf2 f6 24. gxf6 Rxf6 25. Rc3 Bf8 26. Rb3 Bh6 27. Qe1 Nc5 28.
Bxc5 Rxc5 29. Rxb7 Nd4 30. Qh4 Rxf3 31. a3 Nf5 32. Qf6 Ne7 33. Qh4 Rc8 34. Rb3 1-0

[Event "Nakhchivan Open 2018"]
[Site "Nakhchivan AZE"]
[Date "2018.05.03"]
[Round "3.4"]
[White "Sanal, Vahap"]
[Black "Bernadskiy, Vitaliy"]
[Result "0-1"]
[WhiteTitle "GM"]
[BlackTitle "GM"]
[WhiteElo "2505"]
[BlackElo "2589"]
[WhiteFideId "6300545"]
[BlackFideId "14100371"]
[EventDate "2018.05.01"]

1. e4 g6 2. d4 Bg7 3. Nf3 d6 4. Nc3 a6 5. Be2 b5 6. O-O Nd7 7. a4 b4 8. Na2 Rb8
9. c3 bxc3 10. bxc3 c5 11. Bg5 Ngf6 12. e5 Ne4 13. Bf4 cxd4 14. cxd4 dxe5 15.
dxe5 e6 16. Rb1 Rxb1 17. Qxb1 Nec5 18. Rc1 O-O 19. Qb4 Bb7 20. Bg5 Qc7 21. Be7
Rc8 22. Bd6 Qc6 23. a5 Bxe5 24. Rxc5 Qxd6 25. Rxe5 Qxb4 26. Nxb4 Bxf3 0-1

[Event "Nakhchivan Open 2018"]
[Site "Nakhchivan AZE"]
[Date "2018.05.03"]
[Round "3.5"]
[White "Tutisani, Noe"]
[Black "Tiviakov, Sergei"]
[Result "1/2-1/2"]
[WhiteTitle "FM"]
[BlackTitle "GM"]
[WhiteElo "2460"]
[BlackElo "2569"]
[WhiteFideId "13602853"]
[BlackFideId "1008013"]
[EventDate "2018.05.01"]

1. e4 e6 2. d4 d5 3. Nc3 dxe4 4. Nxe4 Nd7 5. Nf3 Ngf6 6. Nxf6+ Nxf6 7. g3 Be7 8.
Bg2 O-O 9. O-O Rb8 10. Qe2 b5 11. Ne5 Bb7 12. Nc6 Bxc6 1/2-1/2

[Event "Nakhchivan Open 2018"]
[Site "Nakhchivan AZE"]
[Date "2018.05.03"]
[Round "3.6"]
[White "Khenkin, Igor"]
[Black "Muradli, Mahammad"]
[Result "1-0"]
[WhiteTitle "GM"]
[BlackTitle "IM"]
[WhiteElo "2557"]
[BlackElo "2417"]
[WhiteFideId "4659600"]
[BlackFideId "13409301"]
[EventDate "2018.05.01"]

1. d4 Nf6 2. c4 g6 3. Nc3 Bg7 4. e4 d6 5. Nf3 O-O 6. Be2 c6 7. O-O e5 8. d5 Na6
9. Be3 Ng4 10. Bg5 f6 11. Bh4 c5 12. Ne1 h5 13. a3 Bd7 14. Nc2 Nh6 15. f3 Qe8
16. Rb1 b6 17. Kh1 Kh8 18. b4 f5 19. Nb5 Bf6 20. Bxf6+ Rxf6 21. exf5 gxf5 22. f4
Ng4 23. Qd2 Rg6 24. h3 Qe7 25. fxe5 dxe5 26. Qe1 Nf6 27. Qh4 Rag8 28. g4 fxg4
29. Ne3 gxh3 30. Nc3 e4 31. Qf4 Ng4 32. Nxe4 Nxe3 33. Qxe3 Re8 34. Bxh5 Qxe4+
35. Qxe4 Rxe4 36. Bxg6 Rxc4 37. Bd3 Bb5 38. Bxc4 Bxc4 39. d6 Bb5 40. Rf7 1-0

[Event "Nakhchivan Open 2018"]
[Site "Nakhchivan AZE"]
[Date "2018.05.03"]
[Round "3.7"]
[White "Pasiev, Rakhim"]
[Black "Korneev, Oleg"]
[Result "1/2-1/2"]
[WhiteTitle "IM"]
[BlackTitle "GM"]
[WhiteElo "2416"]
[BlackElo "2533"]
[WhiteFideId "24122475"]
[BlackFideId "4156803"]
[EventDate "2018.05.01"]

1. e4 c5 2. Nf3 e6 3. d4 cxd4 4. Nxd4 Nc6 5. Nc3 a6 6. Be3 Nf6 7. f4 Bb4 8. Qd3
d5 9. exd5 exd5 10. O-O-O O-O 11. Be2 Re8 12. Bf3 Bg4 13. Kb1 Rc8 14. Nce2 Bf8
15. Ng3 Qd7 16. Nxc6 bxc6 17. Bd4 Ne4 18. Nxe4 dxe4 19. Bxg4 Qxg4 20. Qg3 Qf5
21. Qe3 c5 22. Be5 f6 23. Bc3 c4 24. Bd4 h5 25. h3 h4 26. Rhg1 Rcd8 27. Rd2 Bc5
28. Rgd1 c3 29. Qxc3 Bxd4 30. Rxd4 Rxd4 31. Qxd4 e3 32. Qc4+ Kh8 33. Qe2 a5 34.
Rd3 Qe4 35. a3 Kg8 36. f5 a4 37. Rc3 Qxf5 38. Rxe3 Rxe3 39. Qxe3 Qf1+ 40. Ka2
Qc4+ 41. Kb1 Qf1+ 42. Ka2 Qc4+ 1/2-1/2

[Event "Nakhchivan Open 2018"]
[Site "Nakhchivan AZE"]
[Date "2018.05.03"]
[Round "3.8"]
[White "Malakhatko, Vadim"]
[Black "Ozen, Deniz"]
[Result "1/2-1/2"]
[WhiteTitle "GM"]
[BlackTitle "FM"]
[WhiteElo "2532"]
[BlackElo "2397"]
[WhiteFideId "14104202"]
[BlackFideId "6349196"]
[EventDate "2018.05.01"]

1. d4 Nf6 2. c4 c6 3. Nf3 d5 4. Qb3 dxc4 5. Qxc4 Bf5 6. g3 e6 7. Bg2 Nbd7 8. O-O
Be7 9. e3 O-O 10. Rd1 h6 11. Nc3 Ne4 12. Nd2 Nxc3 13. bxc3 e5 14. Qb3 exd4 15.
cxd4 Nb6 16. Bb2 a5 17. e4 a4 18. Qc2 a3 19. Bc3 Be6 20. Nb3 Na4 21. Rab1 Nxc3
22. Qxc3 Ra4 23. d5 cxd5 24. exd5 Bf5 25. Rbc1 Bf6 26. Qc5 Bb2 27. d6 Be6 28.
Bd5 Bxc1 29. Bxe6 fxe6 30. Qxc1 Qf6 31. Qe3 Raa8 32. Nc5 Qf7 33. d7 Rad8 34.
Nxe6 Rxd7 35. Rxd7 Qxd7 36. Nxf8 Qd1+ 37. Kg2 Qd5+ 38. Qf3 Qxf3+ 39. Kxf3 Kxf8
40. Ke4 Kf7 41. Ke5 g5 42. f3 h5 43. Kd5 Kf6 44. Kd6 h4 45. Kd5 Kf5 46. Kd6 Kf6
47. Kd5 Kf5 48. Kd6 h3 49. Kd5 Kf6 50. Kd6 Kf5 51. Kd5 Kf6 52. Kd6 Kf5 53. Kd5 1/2-1/2

[Event "Nakhchivan Open 2018"]
[Site "Nakhchivan AZE"]
[Date "2018.05.03"]
[Round "3.9"]
[White "Sevdimaliyev, Urfan"]
[Black "Abbasov, Farid"]
[Result "0-1"]
[WhiteTitle "GM"]
[BlackTitle "GM"]
[WhiteElo "2397"]
[BlackElo "2531"]
[WhiteFideId "13402463"]
[BlackFideId "13400665"]
[EventDate "2018.05.01"]

1. d4 Nf6 2. Nf3 e6 3. Bg5 c5 4. e3 Qb6 5. Qc1 Nc6 6. c3 d5 7. Nbd2 Bd7 8. Bd3
Rc8 9. O-O Be7 10. Qb1 h6 11. Bh4 O-O 12. Ne5 Nxe5 13. dxe5 Ne4 14. Bxe7 Nxd2
15. Qc1 Nxf1 16. Bxf8 Rxf8 17. Bxf1 Bb5 18. Qd2 Qa6 19. Bxb5 Qxb5 20. h3 Qc4 21.
b3 Qe4 22. f4 a5 23. Rd1 Rc8 24. Qd3 Qxd3 25. Rxd3 c4 26. bxc4 Rxc4 27. Kf2 b5
28. g4 Kf8 29. Kf3 Ke7 30. h4 Kd7 31. h5 Kc6 32. Kg3 Kc5 33. g5 Kc6 34. Kg4 Kd7
35. g6 Ke7 36. Kf3 f6 37. exf6+ Kxf6 38. Kg4 Ke7 39. Kf3 Kd6 40. Ke2 e5 41.
fxe5+ Kxe5 42. Kf3 Rh4 43. Rd1 Rxh5 44. Rb1 Rh3+ 45. Kg4 Rxe3 46. Rxb5 Re4+ 47.
Kh5 Kf4 48. Rxd5 Re5+ 49. Rxe5 Kxe5 50. Kg4 a4 51. a3 0-1

[Event "Nakhchivan Open 2018"]
[Site "Nakhchivan AZE"]
[Date "2018.05.03"]
[Round "3.10"]
[White "Ghaem Maghami, Ehsan"]
[Black "Babazada, Khazar"]
[Result "1/2-1/2"]
[WhiteTitle "GM"]
[WhiteElo "2531"]
[BlackElo "2222"]
[WhiteFideId "12500739"]
[BlackFideId "13413554"]
[EventDate "2018.05.01"]

1. Nf3 Nf6 2. c4 e6 3. Nc3 d5 4. d4 Be7 5. g3 O-O 6. Bg2 c6 7. O-O Nbd7 8. cxd5
exd5 9. Bf4 Re8 10. Qc2 Nf8 11. a3 Bd6 12. Bxd6 Qxd6 13. b4 Ne4 14. e3 Nxc3 15.
Qxc3 a5 16. bxa5 Qd8 17. a4 Qxa5 18. Qxa5 Rxa5 19. Nd2 Bf5 20. Nb3 Ra7 21. Rfc1
Rea8 22. a5 Bd3 23. Bf1 Bxf1 24. Kxf1 Nd7 25. Ke2 Kf8 26. Rab1 Ke7 27. Rc2 Kd6
28. g4 Rb8 29. Rbc1 Rc8 30. Kf3 Re8 31. h3 Re7 32. Rc3 Re8 33. R3c2 Re7 34. Ke2
Re8 35. f3 f6 36. Kd3 Nf8 37. Rb1 Ne6 1/2-1/2

[Event "Nakhchivan Open 2018"]
[Site "Nakhchivan AZE"]
[Date "2018.05.03"]
[Round "3.11"]
[White "Pak, Yevgeniy"]
[Black "Kotronias, Vasilios"]
[Result "1-0"]
[WhiteTitle "IM"]
[BlackTitle "GM"]
[WhiteElo "2390"]
[BlackElo "2518"]
[WhiteFideId "14201712"]
[BlackFideId "5900212"]
[EventDate "2018.05.01"]

1. d4 Nf6 2. c4 g6 3. Nc3 Bg7 4. e4 d6 5. h3 O-O 6. Be3 c5 7. Nf3 cxd4 8. Nxd4
b6 9. Qd2 Bb7 10. f3 Nh5 11. Rg1 Ng3 12. Bd3 Nd7 13. Nde2 Nxe2 14. Bxe2 Rc8 15.
Bd4 Ne5 16. b3 f5 17. f4 Bh6 18. exf5 Rxf5 19. Be3 Nd7 20. Bg4 Rf6 21. O-O-O a6
22. Kb1 b5 23. Nd5 Bg7 24. Bd4 bxc4 25. Nxf6+ Nxf6 26. Be6+ Kh8 27. Bxc8 Qxc8
28. g4 cxb3 29. axb3 Kg8 30. Rge1 Be4+ 31. Kb2 d5 32. g5 Nh5 33. Bxg7 Kxg7 34.
Qd4+ Kf7 35. Rxe4 dxe4 36. Qxe4 Qxh3 37. Qc4+ Qe6 38. Rd4 Ng3 39. Ka3 Nf5 40.
Qxe6+ Kxe6 41. Ra4 h5 42. gxh6 Nxh6 43. Rxa6+ Kf5 44. b4 Nf7 45. b5 e5 46. b6
Nd6 47. fxe5 Kxe5 48. Ra5+ Ke6 49. Kb4 Kd7 50. Rg5 1-0

[Event "Nakhchivan Open 2018"]
[Site "Nakhchivan AZE"]
[Date "2018.05.03"]
[Round "3.12"]
[White "Beradze, Irakli"]
[Black "Abdulov, Orkhan"]
[Result "1-0"]
[WhiteTitle "IM"]
[BlackTitle "IM"]
[WhiteElo "2486"]
[BlackElo "2401"]
[WhiteFideId "13604597"]
[BlackFideId "13402714"]
[EventDate "2018.05.01"]

1. Nf3 c5 2. c4 Nc6 3. Nc3 g6 4. g3 Bg7 5. Bg2 Nf6 6. d4 cxd4 7. Nxd4 O-O 8. O-O
d6 9. Nxc6 bxc6 10. Bxc6 Rb8 11. Qa4 Bh3 12. Rd1 Qc7 13. Bf3 Bd7 14. Nb5 Qc8 15.
Qxa7 Qxc4 16. Nc3 Rfc8 17. Bg5 Rxb2 18. Bxf6 Bxf6 19. Nd5 Be6 20. Nxe7+ Bxe7 21.
Qxe7 Rxa2 22. Rxa2 Qxa2 23. Qxd6 Qc2 24. h4 Qc5 25. Qd2 Qc2 26. Qd4 Qc3 27. Qf4
Bb3 28. Rd2 h5 29. Kg2 Be6 30. Rd4 Kg7 31. Qe5+ Kh7 32. Be4 Qe1 33. Qxh5+ Kg7
34. Qe5+ Kh6 35. Rd6 Qxe2 36. Rxe6 fxe6 37. Qg5+ Kg7 38. Qxg6+ Kf8 39. Qf6+ Ke8
40. Qxe6+ Kd8 41. Qd6+ 1-0

[Event "Nakhchivan Open 2018"]
[Site "Nakhchivan AZE"]
[Date "2018.05.04"]
[Round "4.3"]
[White "Aleksandrov, Aleksej"]
[Black "Pak, Yevgeniy"]
[Result "0-1"]
[WhiteTitle "GM"]
[BlackTitle "IM"]
[WhiteElo "2594"]
[BlackElo "2390"]
[WhiteFideId "13500139"]
[BlackFideId "14201712"]
[EventDate "2018.05.01"]

1. d4 d5 2. c4 c6 3. Nf3 Nf6 4. e3 g6 5. Be2 Bg7 6. O-O O-O 7. Nbd2 Nbd7 8. b3
c5 9. Bb2 b6 10. dxc5 Nxc5 11. b4 Ncd7 12. Qb3 Bb7 13. Rfd1 e6 14. Bd4 Qe7 15.
Qb2 Ne8 16. Bxg7 Nxg7 17. a4 a5 18. cxd5 Bxd5 19. e4 Bb7 20. bxa5 Rxa5 21. Bb5
Nc5 22. Ne5 Nh5 23. Ndc4 Ra7 24. f3 Qg5 25. Nxb6 Nf4 26. Ned7 f5 27. Nxc5 fxe4
28. Nxe6 Nxe6 29. Bc4 Qe3+ 30. Qf2 Qxf2+ 31. Kxf2 Re8 32. Rd7 Kh8 33. Rad1 e3+
34. Kg3 Ng7 35. Rc7 Nh5+ 36. Kh4 Bxf3 37. Rxa7 Bxd1 38. g4 Nf6 39. h3 e2 40.
Bxe2 Bxe2 41. Kg5 Ng8 42. a5 Re3 43. Nc8 Re6 44. Kf4 h6 45. g5 hxg5+ 46. Kxg5
Bd3 47. h4 Re5+ 48. Kf4 Re4+ 49. Kg3 Re6 50. Rc7 Bf5 51. Nb6 Nf6 52. Rb7 Re3+
53. Kf4 Re4+ 54. Kg3 Rg4+ 55. Kf2 Ne4+ 56. Ke3 Nc5 57. Rc7 Na6 58. Rc4 Rg2 59.
Rf4 Rh2 60. Nc4 Kg7 61. Nd6 Be6 62. Ne8+ Kh6 63. Rf6 Rh3+ 64. Kf2 Nc5 65. Kg2
Rxh4 66. Nc7 Bc8 67. Kg1 Ra4 68. Nd5 Bb7 69. Ne7 Ra1+ 70. Rf1 Rxa5 71. Kf2 Nd3+
72. Kg3 Kg7 73. Rb1 Be4 74. Rb6 Rg5+ 75. Kh4 Rg2 76. Nxg6 Bxg6 0-1

[Event "Nakhchivan Open 2018"]
[Site "Nakhchivan AZE"]
[Date "2018.05.04"]
[Round "4.5"]
[White "Korobov, Anton"]
[Black "Beradze, Irakli"]
[Result "1/2-1/2"]
[WhiteTitle "GM"]
[BlackTitle "IM"]
[WhiteElo "2678"]
[BlackElo "2486"]
[WhiteFideId "14105730"]
[BlackFideId "13604597"]
[EventDate "2018.05.01"]

1. d4 Nf6 2. c4 c6 3. Nf3 d5 4. e3 Bf5 5. Nc3 e6 6. Nh4 Be4 7. f3 Bg6 8. Qb3 Qc7
9. Bd2 Be7 10. cxd5 cxd5 11. Rc1 Nc6 12. Nxg6 hxg6 13. Bd3 a6 14. Ne2 Qd7 15.
O-O O-O 16. Bb1 Rac8 17. Nf4 Bd6 18. Nd3 Qc7 19. h3 Nh5 20. Be1 Bh2+ 21. Kh1 Bg3
22. f4 Qe7 23. Kg1 g5 24. Qd1 Bxe1 25. Rxe1 1/2-1/2

[Event "Nakhchivan Open 2018"]
[Site "Nakhchivan AZE"]
[Date "2018.05.04"]
[Round "4.6"]
[White "Guseinov, Gadir"]
[Black "Asadli, Vugar"]
[Result "1-0"]
[WhiteTitle "GM"]
[BlackTitle "IM"]
[WhiteElo "2654"]
[BlackElo "2470"]
[WhiteFideId "13401378"]
[BlackFideId "13405764"]
[EventDate "2018.05.01"]

1. e4 c5 2. Nc3 d6 3. Nf3 Nf6 4. d4 cxd4 5. Nxd4 g6 6. Be3 Bg7 7. f3 O-O 8. Qd2
Nc6 9. O-O-O d5 10. Qe1 e5 11. Nxc6 bxc6 12. exd5 Nxd5 13. Bc4 Be6 14. Ne4 Qc7
15. Bc5 Rfd8 16. Qh4 h6 17. g4 Nf4 18. Bxe6 Nxe6 19. Qe7 Qa5 20. Rxd8+ Rxd8 21.
Qxa7 Qxa7 22. Bxa7 Ra8 23. Be3 Rxa2 24. Kb1 Ra8 25. h4 f5 26. gxf5 gxf5 27. Nd6
Rf8 28. c3 Kh7 29. Rg1 Nc7 30. Kc2 Rf6 31. Bb6 Nd5 32. Bc5 Bf8 33. Nb7 Bg7 34.
b4 Nf4 35. Nd8 Ne6 36. Nxe6 Rxe6 37. h5 e4 38. f4 Re8 39. c4 Ra8 40. Kb3 Rd8 41.
b5 cxb5 42. cxb5 e3 43. Re1 Rd3+ 44. Kc4 Rc3+ 45. Kd5 1-0

[Event "Nakhchivan Open 2018"]
[Site "Nakhchivan AZE"]
[Date "2018.05.04"]
[Round "4.7"]
[White "Tutisani, Noe"]
[Black "Firouzja, Alireza"]
[Result "0-1"]
[WhiteTitle "FM"]
[BlackTitle "IM"]
[WhiteElo "2460"]
[BlackElo "2570"]
[WhiteFideId "13602853"]
[BlackFideId "12573981"]
[EventDate "2018.05.01"]

1. e4 c5 2. Nf3 d6 3. d4 cxd4 4. Nxd4 Nf6 5. Nc3 Nc6 6. Bc4 e6 7. Be3 a6 8. Qe2
Bd7 9. Bb3 b5 10. a3 Na5 11. O-O Nxb3 12. cxb3 Be7 13. f4 Qb8 14. b4 O-O 15. g4
Qb7 16. Qg2 Rac8 17. g5 Nh5 18. f5 g6 19. f6 Bd8 20. Nde2 Bb6 21. Bxb6 Qxb6+ 22.
Qf2 Qb8 23. Rad1 Bc6 24. Rd3 d5 25. exd5 Bxd5 26. Nxd5 exd5 27. Nf4 Nxf4 28.
Qxf4 Qb7 29. Qf3 Qa7+ 30. Qf2 Qd7 31. Rfd1 Qg4+ 32. Qg2 Qh5 33. Rxd5 h6 34. gxh6
Qxh6 35. Qg5 Qxg5+ 36. Rxg5 Rc6 37. Rf1 Rd8 38. Rc5 Rdd6 39. b3 Rxf6 40. Rxf6
Rxf6 41. a4 Rb6 42. axb5 Rxb5 43. Rc4 Kg7 44. Kg2 f5 45. Kf3 Kh6 46. Rh4+ Kg5
47. Rd4 Rb6 48. h4+ Kh5 49. Kg3 Kh6 50. Kf3 Re6 51. b5 axb5 52. Rb4 Re5 53. Kf2
Kh5 54. Kf3 Re4 55. Rxb5 Rxh4 56. Kg3 Rd4 57. Kf3 Kg5 58. Ke3 Re4+ 59. Kf3 Rh4
60. Ke3 Rh3+ 61. Kd4 Kf4 62. Kd5 Re3 63. Rb4+ Kf3 64. Rb5 g5 65. Kd4 Re4+ 66.
Kd3 Kf4 67. b4 g4 68. Rb8 g3 69. b5 g2 70. Rg8 Kf3 71. b6 Rb4 0-1

[Event "Nakhchivan Open 2018"]
[Site "Nakhchivan AZE"]
[Date "2018.05.04"]
[Round "4.8"]
[White "Tiviakov, Sergei"]
[Black "Gadimbayli, Abdulla"]
[Result "1-0"]
[WhiteTitle "GM"]
[BlackTitle "IM"]
[WhiteElo "2569"]
[BlackElo "2419"]
[WhiteFideId "1008013"]
[BlackFideId "13404938"]
[EventDate "2018.05.01"]

1. e4 e6 2. d4 d5 3. Nd2 c5 4. exd5 Qxd5 5. dxc5 Bxc5 6. Ngf3 Nf6 7. Bc4 Qc6 8.
Qe2 a6 9. O-O O-O 10. Bd3 Nbd7 11. c3 Qc7 12. Ne4 Be7 13. Nxf6+ Bxf6 14. h4 Ne5
15. Bf4 Nxf3+ 16. Qxf3 Qb6 17. Bg5 Bxg5 18. hxg5 Qc5 19. Qg3 Rd8 20. Be4 Qb6 21.
Rad1 Bd7 22. Rd6 Bc6 23. Rfd1 Bxe4 24. Rxb6 Rxd1+ 25. Kh2 Rad8 26. Rb4 Bc6 27.
Qh4 R8d5 28. b3 R1d2 29. a4 R2d3 30. Rc4 Rd2 31. Qf4 R2d3 32. Rc5 Rd8 33. Qc7
R3d7 34. Qb6 Rd6 35. b4 g6 36. Qa7 R8d7 37. b5 axb5 38. axb5 Be4 39. f3 b6 40.
Rc8+ Kg7 41. Qb8 1-0

[Event "Nakhchivan Open 2018"]
[Site "Nakhchivan AZE"]
[Date "2018.05.04"]
[Round "4.9"]
[White "Korneev, Oleg"]
[Black "Balajayeva, Khanim"]
[Result "1-0"]
[WhiteTitle "GM"]
[BlackTitle "WFM"]
[WhiteElo "2533"]
[BlackElo "2338"]
[WhiteFideId "4156803"]
[BlackFideId "13406396"]
[EventDate "2018.05.01"]

1. e4 e5 2. Nf3 Nc6 3. Bb5 a6 4. Ba4 Nf6 5. O-O Be7 6. d3 b5 7. Bb3 d6 8. a3 O-O
9. Nbd2 Na5 10. Ba2 c5 11. Re1 Nc6 12. Nf1 Re8 13. Ng3 h6 14. h3 Bf8 15. c3 Be6
16. Bxe6 Rxe6 17. a4 Re8 18. d4 cxd4 19. cxd4 exd4 20. Nxd4 Nxd4 21. Qxd4 Rc8
22. axb5 axb5 23. Qd3 d5 24. e5 Ne4 25. Nxe4 Rxe5 26. Bxh6 dxe4 27. Qxd8 Rxd8
28. Bf4 Ree8 29. g4 Bd6 30. Bxd6 Rxd6 31. Rad1 Rxd1 32. Rxd1 Rc8 33. Rd2 Rc1+
34. Kg2 Re1 35. Rd8+ Kh7 36. Rb8 Re2 37. Rxb5 e3 38. Kf3 Rxf2+ 39. Kxe3 Rh2 40.
h4 Rxh4 41. Rh5+ Rxh5 42. gxh5 Kg8 43. b4 Kf8 44. Kd4 Ke7 45. Kc5 Kd7 46. Kb6
Ke6 47. b5 f5 48. Kc6 f4 49. b6 f3 50. b7 1-0

[Event "Nakhchivan Open 2018"]
[Site "Nakhchivan AZE"]
[Date "2018.05.04"]
[Round "4.10"]
[White "Babazada, Khazar"]
[Black "Malakhatko, Vadim"]
[Result "1/2-1/2"]
[BlackTitle "GM"]
[WhiteElo "2222"]
[BlackElo "2532"]
[WhiteFideId "13413554"]
[BlackFideId "14104202"]
[EventDate "2018.05.01"]

1. d4 e6 2. Bf4 c5 3. e3 Qb6 4. Na3 cxd4 5. Qxd4 Qxd4 6. exd4 Bxa3 7. bxa3 Ke7
8. c4 d6 9. c5 dxc5 10. dxc5 f6 11. Bd6+ Kf7 12. Bc4 Ne7 13. O-O-O Nbc6 14. Ne2
Na5 15. Bb3 Bd7 16. Rhe1 Rhe8 17. Kb2 Rac8 18. f4 Nf5 19. Nc3 Nxd6 20. Rxd6 Rc7
21. Red1 Bc6 22. g3 Ree7 23. Rxe6 Rxe6 24. f5 Nxb3 25. fxe6+ Kxe6 26. axb3 Kf5
27. b4 Kg4 28. Rd4+ Kf3 29. a4 Kg2 30. Rd2+ Kh3 31. Nb5 Re7 32. Nxa7 Bxa4 33. b5
Rc7 34. Rd5 g5 35. Ka3 Bc2 36. Kb4 Be4 37. Rd2 Bg2 38. b6 Rf7 39. Nc8 Bc6 40.
Nd6 Re7 41. Rf2 Re6 42. Kc4 h5 43. Nf5 Re5 44. Nd4 Bd5+ 45. Kd3 Re8 46. Nb5 Bc6
47. Nc7 Rd8+ 48. Kc3 Bg2 49. Rxf6 Kxh2 50. Ne6 Rc8 51. Rh6 Kxg3 52. Rxh5 g4 53.
Nd4 Be4 54. Kc4 Kf4 55. Ne6+ Kg3 56. Nd4 Kf2 57. Re5 Bg2 58. Re2+ Kf1 59. Rb2
Be4 60. Ne2 Bf3 61. Nd4 Kg1 62. Rd2 Rf8 63. c6 Bxc6 64. Nxc6 Rc8 65. Rd6 g3 66.
Kb5 bxc6+ 67. Rxc6 1/2-1/2

[Event "Nakhchivan Open 2018"]
[Site "Nakhchivan AZE"]
[Date "2018.05.04"]
[Round "4.11"]
[White "Ozen, Deniz"]
[Black "Ghaem Maghami, Ehsan"]
[Result "1/2-1/2"]
[WhiteTitle "FM"]
[BlackTitle "GM"]
[WhiteElo "2397"]
[BlackElo "2531"]
[WhiteFideId "6349196"]
[BlackFideId "12500739"]
[EventDate "2018.05.01"]

1. e4 c5 2. Nf3 Nc6 3. Bb5 e6 4. O-O Nge7 5. c3 a6 6. Ba4 b5 7. Bc2 Bb7 8. Re1
d5 9. exd5 Nxd5 10. d4 cxd4 11. Nxd4 Be7 12. Nxc6 Bxc6 13. Nd2 O-O 14. Nf3 1/2-1/2